Normal view
MARC view
- Jarvis, John J.
Entry Personal Name
001 - CONTROL NUMBER
- control field: 8788
003 - CONTROL NUMBER IDENTIFIER
- control field: NUST
005 - DATE AND TIME OF LATEST TRANSACTION
- control field: 20180118140415.0
008 - FIXED-LENGTH DATA ELEMENTS
- fixed length control field: 180118|| aca||aabn | a|a d
040 ## - CATALOGING SOURCE
- Original cataloging agency: NUST
- Transcribing agency: NUST
100 ## - HEADING--PERSONAL NAME
- Personal name: Jarvis, John J.
670 ## - SOURCE DATA FOUND
- Source citation: Work cat.: (NUST)29534: Bazaraa, Mokhtar S. 8787, Linear programming and network flows /, 2004.
